UBT Library

Laboratory experiments in microbiology / (Record no. 39775)

000 -LEADER
fixed length control field 00542pam a2200205 a 4500
001 - CONTROL NUMBER
control field 3384700
005 - DATE AND TIME OF LATEST TRANSACTION
control field 20180104091047.0
008 - FIXED-LENGTH DATA ELEMENTS--GENERAL INFORMATION
fixed length control field 881205s1989 cauaf 001 0 eng
010 ## - LIBRARY OF CONGRESS CONTROL NUMBER
LC control number 88038206
020 ## - INTERNATIONAL STANDARD BOOK NUMBER
International Standard Book Number 0805301496
040 ## - CATALOGING SOURCE
Original cataloging agency DLC
Transcribing agency DLC
Modifying agency DLC
041 ## - LANGUAGE CODE
Language code of text/sound track or separate title eng
080 ## - UNIVERSAL DECIMAL CLASSIFICATION NUMBER
Universal Decimal Classification number 616.01078 TED
082 00 - DEWEY DECIMAL CLASSIFICATION NUMBER
Classification number 616.01078 TED
Edition number 19
100 1# - Rafti
Rafti 12
101 ## - Shkurtesa
Shkurtesa MIC
245 10 - TITLE STATEMENT
Title Laboratory experiments in microbiology /
Statement of responsibility, etc Ted R. Johnson, Christine L. Case.
906 ## - LOCAL DATA ELEMENT F, LDF (RLIN)
a 7
b cbc
c orignew
d 1
e ocip
f 19
g y-gencatlg
942 ## - ADDED ENTRY ELEMENTS (KOHA)
Source of classification or shelving scheme
Item type Books
Holdings
Withdrawn status Lost status Source of classification or shelving scheme Damaged status Not for loan Permanent location Current location Date acquired Total Checkouts Full call number Barcode Date last seen Price effective from Koha item type
          UBT - Lipjan UBT - Lipjan 01/04/2018   616.01078 TED 002-2994738 01/04/2018 01/04/2018 Books
UBT Library © 2015-2024. All rights reserved University Education for Business and Technology